| 000 | 01058nam a22002177a 4500 | ||
|---|---|---|---|
| 003 | OSt | ||
| 005 | 20160620105741.0 | ||
| 008 | 130611b2005 slv spa | ||
| 040 |
_aBMC _cBMC |
||
| 082 | _a378.1997284 | ||
| 082 | _a658.04378199 | ||
| 110 | 1 |
_91067 _aUniversidad Católica de El Salvador _bFacultad de Ciencias Empresariales |
|
| 245 | 1 | 0 |
_aPlan de estudios de la Maestría en Dirección Estratégica de Empresas _b: año 2005 _cUniversidad Católica de Occidente, Facultad de Ciencias Económicas |
| 260 |
_aSanta Ana _bUNICAES _c2006 |
||
| 300 |
_a109 h. _b28 cm |
||
| 594 | _1En la port.: Con sello de la Dirección Nacional de Educación Superior referente a la aprobación del plan de estudio: acuerdo ejecutivo Nº 15-1252, de fecha 21-10-2005 Diario Oficial Nº 196 de 21-10-2005, tomo 369 | ||
| 597 | _1Ejemp. fotocopiado y enc. en pasta dura | ||
| 650 | 2 | 4 |
_910241 _aGestión de empresas _vProgramas de estudio |
| 610 | 0 | 4 |
_919871 _aUniversidad Católica de El Salvador _bEscuela de Posgrado _vProgramas de estudio |
| 942 |
_2ddc _cBK |
||
| 999 |
_c11030 _d11030 |
||